<?xml version="1.0" encoding="UTF-8"?>
<record
    xmlns:xsi="http://www.w3.org/2001/XMLSchema-instance"
    xsi:schemaLocation="http://www.loc.gov/MARC21/slim http://www.loc.gov/standards/marcxml/schema/MARC21slim.xsd"
    xmlns="http://www.loc.gov/MARC21/slim">

  <leader>01437nam1a22002771i 4500</leader>
  <controlfield tag="001">rc\3717688</controlfield>
  <controlfield tag="005">20260407142118.0</controlfield>
  <datafield tag="035" ind1=" " ind2=" ">
    <subfield code="a">(NLR Aleph) 007860373</subfield>
  </datafield>
  <datafield tag="090" ind1=" " ind2=" ">
    <subfield code="a">7798791</subfield>
    <subfield code="c">7798791</subfield>
  </datafield>
  <datafield tag="100" ind1=" " ind2=" ">
    <subfield code="a">20130115g1974    |||y0rusy50      ca</subfield>
  </datafield>
  <datafield tag="101" ind1="0" ind2=" ">
    <subfield code="a">rus</subfield>
  </datafield>
  <datafield tag="102" ind1=" " ind2=" ">
    <subfield code="a">RU</subfield>
  </datafield>
  <datafield tag="105" ind1=" " ind2=" ">
    <subfield code="a">    z   |||||</subfield>
  </datafield>
  <datafield tag="200" ind1="1" ind2=" ">
    <subfield code="a">&#x421;&#x442;&#x440;&#x443;&#x43A;&#x442;&#x443;&#x440;&#x430;, &#x444;&#x443;&#x43D;&#x43A;&#x446;&#x438;&#x43E;&#x43D;&#x438;&#x440;&#x43E;&#x432;&#x430;&#x43D;&#x438;&#x435; &#x438; &#x44D;&#x432;&#x43E;&#x43B;&#x44E;&#x446;&#x438;&#x44F; &#x441;&#x438;&#x441;&#x442;&#x435;&#x43C;&#x44B; &#x431;&#x438;&#x43E;&#x433;&#x435;&#x43E;&#x446;&#x435;&#x43D;&#x43E;&#x437;&#x43E;&#x432; &#x411;&#x430;&#x440;&#x430;&#x431;&#x44B;</subfield>
    <subfield code="d">Structure, functioning and evolution of the Baraba biogeocenoses</subfield>
    <subfield code="f">&#x41E;&#x442;&#x432;. &#x440;&#x435;&#x434;. &#x434;-&#x440; &#x441;.-&#x445;. &#x43D;&#x430;&#x443;&#x43A;, &#x43F;&#x440;&#x43E;&#x444;. &#x420;.&#x412;. &#x41A;&#x43E;&#x432;&#x430;&#x43B;&#x435;&#x432;</subfield>
    <subfield code="g">&#x410;&#x41D; &#x421;&#x421;&#x421;&#x420;. &#x421;&#x438;&#x431;. &#x43E;&#x442;&#x434;-&#x43D;&#x438;&#x435;. &#x418;&#x43D;-&#x442; &#x43F;&#x43E;&#x447;&#x432;&#x43E;&#x432;&#x435;&#x434;&#x435;&#x43D;&#x438;&#x44F; &#x438; &#x430;&#x433;&#x440;&#x43E;&#x445;&#x438;&#x43C;&#x438;&#x438;. &#x422;. 1-</subfield>
  </datafield>
  <datafield tag="210" ind1=" " ind2=" ">
    <subfield code="a">&#x41D;&#x43E;&#x432;&#x43E;&#x441;&#x438;&#x431;&#x438;&#x440;&#x441;&#x43A;</subfield>
    <subfield code="c">&#x41D;&#x430;&#x443;&#x43A;&#x430;. &#x421;&#x438;&#x431;. &#x43E;&#x442;&#x434;-&#x43D;&#x438;&#x435;</subfield>
    <subfield code="d">1974-</subfield>
  </datafield>
  <datafield tag="215" ind1=" " ind2=" ">
    <subfield code="d">22</subfield>
  </datafield>
  <datafield tag="300" ind1=" " ind2=" ">
    <subfield code="a">&#x41D;&#x430; &#x43A;&#x43E;&#x440;&#x435;&#x448;&#x43A;&#x435; &#x437;&#x430;&#x433;&#x43B;.: &#x421;&#x442;&#x440;&#x443;&#x43A;&#x442;&#x443;&#x440;&#x430; &#x431;&#x438;&#x43E;&#x433;&#x435;&#x43E;&#x446;&#x435;&#x43D;&#x43E;&#x437;&#x43E;&#x432; &#x411;&#x430;&#x440;&#x430;&#x431;&#x44B;</subfield>
  </datafield>
  <datafield tag="510" ind1="0" ind2=" ">
    <subfield code="a">Structure, functioning and evolution of the Baraba biogeocenoses</subfield>
    <subfield code="z">rus</subfield>
  </datafield>
  <datafield tag="516" ind1="0" ind2=" ">
    <subfield code="a">&#x421;&#x442;&#x440;&#x443;&#x43A;&#x442;&#x443;&#x440;&#x430; &#x431;&#x438;&#x43E;&#x433;&#x435;&#x43E;&#x446;&#x435;&#x43D;&#x43E;&#x437;&#x43E;&#x432; &#x411;&#x430;&#x440;&#x430;&#x431;&#x44B;</subfield>
  </datafield>
  <datafield tag="606" ind1=" " ind2=" ">
    <subfield code="a">&#x411;&#x438;&#x43E;&#x433;&#x435;&#x43E;&#x446;&#x435;&#x43D;&#x43E;&#x437;&#x44B;</subfield>
    <subfield code="y">&#x411;&#x430;&#x440;&#x430;&#x431;&#x438;&#x43D;&#x441;&#x43A;&#x430;&#x44F; &#x441;&#x442;&#x435;&#x43F;&#x44C;</subfield>
    <subfield code="2">psbo</subfield>
  </datafield>
  <datafield tag="702" ind1=" " ind2="1">
    <subfield code="a">&#x41A;&#x43E;&#x432;&#x430;&#x43B;&#x435;&#x432;</subfield>
    <subfield code="b">&#x420;.&#x412;.</subfield>
    <subfield code="g">&#x420;&#x43E;&#x43C;&#x430;&#x43D; &#x412;&#x438;&#x43A;&#x442;&#x43E;&#x440;&#x43E;&#x432;&#x438;&#x447;</subfield>
    <subfield code="4">340</subfield>
  </datafield>
  <datafield tag="712" ind1="0" ind2="2">
    <subfield code="a">&#x418;&#x43D;&#x441;&#x442;&#x438;&#x442;&#x443;&#x442; &#x43F;&#x43E;&#x447;&#x432;&#x43E;&#x432;&#x435;&#x434;&#x435;&#x43D;&#x438;&#x44F; &#x438; &#x430;&#x433;&#x440;&#x43E;&#x445;&#x438;&#x43C;&#x438;&#x438;</subfield>
    <subfield code="c">&#x41D;&#x43E;&#x432;&#x43E;&#x441;&#x438;&#x431;&#x438;&#x440;&#x441;&#x43A;</subfield>
    <subfield code="3">RU\NLR\AUTH\8810011314</subfield>
    <subfield code="9">520334</subfield>
  </datafield>
  <datafield tag="801" ind1=" " ind2="0">
    <subfield code="a">RU</subfield>
    <subfield code="b">NLR</subfield>
    <subfield code="g">psbo</subfield>
  </datafield>
  <datafield tag="801" ind1=" " ind2="1">
    <subfield code="a">RU</subfield>
    <subfield code="b">ELAR</subfield>
    <subfield code="2">rusmarc</subfield>
  </datafield>
  <datafield tag="852" ind1=" " ind2=" ">
    <subfield code="a">NLR</subfield>
    <subfield code="j">74-5/2389</subfield>
  </datafield>
  <datafield tag="942" ind1=" " ind2=" ">
    <subfield code="c">BOOK</subfield>
  </datafield>
</record>
